000 00633nam a2200229Ia 4500
005 20250508165002.0
008 008 250505s9999 xx 000 0 hin d
020 _a978-0-415-58920-8
037 _aTextual
040 _aFEDL
_beng
_cFEDL
041 _ahin
_2eng
084 _a305.42, DEB
_qFEDL
100 _ade Beauvoir Simone
245 0 _aStree: Upekshita.
250 _aNew
260 _aNew Delhi, India
_bHindi Pocket Books Pvt. Ltd.
_c2008
300 _a391p.
365 _aINR
_b195
546 _aTranslation of english title Second sex
942 _cTEXL
_h305.42, DEB
999 _c1392485
_d1392485